UBT Library

Understanding nursing research: (Record no. 2419)

000 -LEADER
fixed length control field 00342nam a22001337a 4500
008 - FIXED-LENGTH DATA ELEMENTS--GENERAL INFORMATION
fixed length control field 160524b xxu||||| |||| 00| 0 eng d
020 ## - INTERNATIONAL STANDARD BOOK NUMBER
International Standard Book Number 9780781775588
020 ## - INTERNATIONAL STANDARD BOOK NUMBER
International Standard Book Number 0781775582
020 ## - INTERNATIONAL STANDARD BOOK NUMBER
International Standard Book Number 9780781775588
041 ## - LANGUAGE CODE
Language code of text/sound track or separate title eng
080 ## - UNIVERSAL DECIMAL CLASSIFICATION NUMBER
Universal Decimal Classification number 618.2
245 ## - TITLE STATEMENT
Title Understanding nursing research:
Statement of responsibility, etc Corol L. Macnee and Susan McCabe;
942 ## - ADDED ENTRY ELEMENTS (KOHA)
Source of classification or shelving scheme
Item type Books
Holdings
Withdrawn status Lost status Source of classification or shelving scheme Damaged status Not for loan Collection code Permanent location Current location Shelving location Date acquired Total Checkouts Full call number Barcode Date last seen Price effective from Koha item type
          Koleksioni i përgjithshem UBT - Lipjan UBT - Lipjan Koleksioni i përgjithshem 06/13/2016   618.2 MAC 002-028467 01/10/2017 06/13/2016 Books
UBT Library © 2015-2024. All rights reserved University Education for Business and Technology